| 000 | 00843nas a2200277 4500 | ||
|---|---|---|---|
| 001 | BR2015005455 | ||
| 003 | BR-BrBNA | ||
| 005 | 20231205125740.0 | ||
| 007 | ta | ||
| 008 | 230509b bl.|||p| |||| 00| 00por d | ||
| 040 |
_aBR-BrBNA _bpor _cBiblioteca Nacional de Agricultura |
||
| 041 | _a(Pt) | ||
| 072 | _aF01 | ||
| 100 | 1 | _aRosa, E.S.M.D. | |
| 245 | 1 | _aHortelã-pimenta (Mentha x piperita L. - Lamiaceae) | |
| 650 | _aPLANTA MEDICINAL | ||
| 650 | _aFITOTERAPIA | ||
| 650 | _aOLEO ESSENCIAL | ||
| 650 | _aPLANTA AROMATICA | ||
| 650 | _aPLANTA PARA CONDIMENTO | ||
| 650 | _aMUDA | ||
| 650 | _aMENTA | ||
| 773 | 0 |
_tInforme Agropecuário - Empresa de Pesquisa Agropecuária de Minas Gerais (Brazil) _xISSN 0100-3364 _g(2014), v. 35(283) p.65-71 _wBR2015005455 |
|
| 909 |
_a202311 _bLúcia _c55 _dLúcia Elande |
||
| 942 |
_2AGRIS _n0 _cANA |
||
| 999 |
_c245916 _d245916 |
||